Podiel SR na riešení globálnych bezpečnostných hrozieb

Bezpečnostná politika a obrana SR. Vzťah a spolupráca s inými krajinami a medzinárodnými organizáciami. Úroveň ambícií NATO, EÚ, OSN a SR. Súhrnný prehľad príspevkov ozbrojených síl SR.

Guardado en:
Detalles Bibliográficos
Autor principal: Čeri, Ladislav
Formato: Capítulo de libro
Lenguaje:eslovaco
Materias:
Etiquetas: Agregar Etiqueta
Sin Etiquetas, Sea el primero en etiquetar este registro!

MARC

LEADER 00000naa$a2200000$$$4500
001 0222649
005 20240502073638.5
041 0 |a slo 
044 |a SK 
245 1 0 |a Podiel SR na riešení globálnych bezpečnostných hrozieb  |c Ladislav Čeri 
520 |a Bezpečnostná politika a obrana SR. Vzťah a spolupráca s inými krajinami a medzinárodnými organizáciami. Úroveň ambícií NATO, EÚ, OSN a SR. Súhrnný prehľad príspevkov ozbrojených síl SR. 
610 2 0 |a Slovensko 
610 2 0 |a politika bezpečnostná 
610 2 0 |a obrana štátu 
610 2 0 |a sily ozbrojené 
610 2 0 |a organizácie medzinárodné 
610 2 0 |a stratégia bezpečnostná 
100 1 |a Čeri, Ladislav